Návrh databázového systému knižnice : Záverečná práca

Enregistré dans:
Détails bibliographiques
Auteur principal: Michalička, Mário (Auteur)
Autres auteurs: Kebísek, Michal, 1974- (xxx)
Format: Manuscrit Livre
Langue:slovaque
Publié: Trnava : STU v Bratislave MtF KAIA, 2002
Sujets:
Tags: Ajouter un tag
Pas de tags, Soyez le premier à ajouter un tag!

MARC

LEADER 00000ntm a22000003a 4500
001 stu77739
005 20160719155004.6
008 021029s2002----xo------------------slo-d
040 |a STU  |b slo 
041 0 |a slo 
044 |a xo 
100 1 |a Michalička, Mário  |4 aut 
245 1 |a Návrh databázového systému knižnice :  |b Záverečná práca 
260 |a Trnava :  |b STU v Bratislave MtF KAIA,  |c 2002 
300 |a 40 s  |c abstr. 
650 7 |a dátabázové systémy  |2 stusub 
650 7 |a knižničné systémy  |2 stusub 
650 7 |a Aplikovaná informatika  |2 stusub 
700 1 |a Kebísek, Michal,  |d 1974-  |4 xxx  |u M6000  |U MTF Materiálovotechnologická fakulta  |T MTF Ústav aplikovanej informatiky, automatizácie a matematiky  |X 2798  |U M6000  |Y 86  |7 A000002798 
996 |b 284M054679  |c M*BP-79  |l MMSKP  |s P  |a 0  |w stu77739_0001